Pablo Picasso (Record no. 5884)
[ view plain ]
| 000 - LÍDER | |
|---|---|
| campo de control de longitud fija | 00691nam a2200205Ia 4500 |
| 008 - ELEMENTOS DE DATOS DE LONGITUD FIJA - INFORMACIÓN GENERAL | |
| campo de control de longitud fija | 0000001952 usa 0000000000eng00 |
| 090 ## - NÚMERO DE LLAMADA DE TIPO LC LOCALMENTE ASIGNADO (OCLC) | |
| Número de clasificación (OCLC) (R) | PSP00 L31p |
| 100 1# - ENTRADA PRINCIPAL - NOMBRE PERSONAL | |
| Nombre de la persona | Liberman, William S. |
| 245 10 - TÍTULO DECLARACIÓN | |
| Título | Pablo Picasso |
| Declaración de responsabilidad | / text by William S. Liberman |
| 260 ## - PUBLICACIÓN, DISTRIBUCIÓN | |
| Lugar de publicación | New York : |
| Nombre del editor | Harry N. Abrams, |
| Fecha de publicación | 1952 |
| 300 ## - DESCRIPCIÓN FÍSICA | |
| Alcance | 24 p . |
| Dimensiones | / 32 cm. |
| 500 ## - NOTA GENERAL | |
| Nota general | Con el patronazgo del maestro venezolano Jesús Rafael Soto (q.e.p.d.) \ |
| 600 00 - ENTRADA DE SUJETO AÑADIDO - NOMBRE PERSONAL | |
| Nombre de la persona | PICASSO, PABLO, 18811973/ |
| Subdivisión general | TRABAJOS PICTORICOS |
| 650 14 - ENTRADA DE SUJETO AÑADIDO - TÉRMINO TÓPICO | |
| Término tópico o elemento de entrada del nombre geográfico | ARTE MODERNO ESPAÑOL |
| 650 14 - ENTRADA DE SUJETO AÑADIDO - TÉRMINO TÓPICO | |
| Subdivisión general | CATALOGOS |
| 650 14 - ENTRADA DE SUJETO AÑADIDO - TÉRMINO TÓPICO | |
| Término tópico o elemento de entrada del nombre geográfico | PINTORES ESPAÑOLES |
| 650 14 - ENTRADA DE SUJETO AÑADIDO - TÉRMINO TÓPICO | |
| Término tópico o elemento de entrada del nombre geográfico | PINTURA ESPAÑOLA |
| 942 ## - ELEMENTOS DE ENTRADA AGREGADOS (KOHA) | |
| Fuente de clasificación o esquema de estanterías | Dewey Decimal Classification |
| Estado de retirada | Pérdida de estatus | Estado dañado | No para préstamo | Código de recogida | Ubicación permanente | Ubicación actual | Ubicación de las estanterías | Fecha de adquisición | Número de llamada completo | Código de barras | Fecha de la última vez que se vio | Número de copia | Precio efectivo desde | Tipo de artículo Koha |
|---|---|---|---|---|---|---|---|---|---|---|---|---|---|---|
| General | ArtNexus | ArtNexus | General | 06/09/2022 | P-SP-00 L31P | 5888 | 06/09/2022 | Ej.1 | 06/09/2022 | Libro |